[Event "Let's Play Chess!"]
[Site "http://www.queenalice.com/game.php?id=856429"]
[Date "2010.11.8"]
[Round "-"]
[White "ykiraz"]
[Black "tche_elvio"]
[Result "0-1"]
[WhiteElo "1330"]
[BlackElo "1600"]

1. e4 e6 2. Nf3 d5 3. e5 c5 4. Nc3 Nc6 5. Bb5 Bd7 6. a3 Nd4 7. a4 Nxf3+ 8. Qxf3
a6 9. Bxd7+ Qxd7 10. d3 g6 11. Bg5 Be7 12. h4 O-O-O 13. Qxf7 Bxg5 14. Qf3 Be7
15. g3 Nh6 16. h5 Nf5 17. h6 Nd4 18. Qd1 Rhf8 19. Kd2 Bg5+ 20. f4 Bxf4+ 21. gxf4
Rxf4 22. Ne2 Nxe2 23. Qxe2 c4 24. Qe3 g5 25. d4 Rdf8 26. Qg3 Qe7 27. Rh5 Rf2+
28. Kc1 Rf1+ 29. Kd2 Qb4+ 30. c3 Qxb2+ 31. Ke3 Qxc3+ 32. Ke2 Qxg3 33. Rxf1 Qg2+
34. Ke1 Rxf1# 0-1

[Event "Let's Play Chess!"]
[Site "http://www.queenalice.com/game.php?id=862169"]
[Date "2010.11.22"]
[Round "-"]
[White "ykiraz"]
[Black "utilizator33"]
[Result "1-0"]
[WhiteElo "1325"]
[BlackElo "1585"]

1. b4 d5 2. Nc3 a6 3. e4 d4 4. Nd5 e5 5. Nf3 f6 6. h4 Nc6 7. a3 Be6 8. c4 Qd7 9.
d3 Na7 10. a4 O-O-O 11. Ba3 Ne7 12. b5 axb5 13. axb5 Bg4 14. Bxe7 Bxe7 15. Rxa7
c6 16. Nb6+ 1-0

[Event "Let's Play Chess!"]
[Site "http://www.queenalice.com/game.php?id=867588"]
[Date "2010.12.4"]
[Round "-"]
[White "charles31"]
[Black "ykiraz"]
[Result "1-0"]
[WhiteElo "1757"]
[BlackElo "1274"]

1. e4 Nf6 2. e5 Nd5 3. d4 b6 4. Bc4 Nb4 5. a3 N4c6 6. Nf3 a6 7. Nc3 Na5 8. Ba2
c6 9. Qd3 g6 10. Ng5 h6 11. Bxf7# 1-0

[Event "Let's Play Chess!"]
[Site "http://www.queenalice.com/game.php?id=867609"]
[Date "2010.12.4"]
[Round "-"]
[White "digger"]
[Black "ykiraz"]
[Result "1-0"]
[WhiteElo "1587"]
[BlackElo "1325"]

1. d4 Nc6 2. c3 e5 3. d5 Na5 4. e4 Bc5 5. Qf3 d6 6. b4 Bxb4 7. cxb4 Qf6 8. Qxf6
Nxf6 9. bxa5 Nxe4 10. Bd3 Nc5 11. Bb5+ Bd7 12. Nc3 a6 13. Bc4 b5 14. axb6 cxb6
15. Nf3 Bg4 16. Nd2 b5 17. Be2 b4 18. Ncb1 Bf5 19. Nc4 Ke7 20. Nb6 Rad8 21. Bd2
a5 22. O-O Rb8 23. Nc4 Rb5 24. Ne3 Rb6 25. Nxf5+ Kf6 26. Bg4 h5 27. Bh3 g6 28.
Nh4 g5 29. Bxg5+ Kxg5 30. g3 a4 31. a3 Nb3 32. Ra2 Nd4 33. Rb2 b3 34. Nc3 Rb7
35. Nxa4 Ra7 36. Nc3 Rxa3 37. Ne4+ Kh6 38. Nxd6 f6 39. Nf7+ Kg7 40. Nxh8 Kxh8
41. Kh1 Ne2 42. Re1 Nc3 43. d6 Ne4 44. Rxe4 Ra1+ 45. Kg2 Ra3 46. d7 Ra8 47. Rxb3
Rd8 48. Rb7 Kg7 49. Nf5+ Kg6 50. Nd6 Kg7 51. Ne8+ 1-0

[Event "Let's Play Chess!"]
[Site "http://www.queenalice.com/game.php?id=870839"]
[Date "2010.12.12"]
[Round "-"]
[White "ykiraz"]
[Black "Scooby_99"]
[Result "0-1"]
[WhiteElo "1355"]
[BlackElo "1569"]

1. e3 e5 2. Qh5 Nc6 3. Bc4 Qf6 4. Nh3 g6 5. Qg4 d5 6. Qg5 dxc4 7. Qg3 Bxh3 8.
gxh3 h6 9. Qg4 Qf5 10. Qxc4 Nf6 11. b4 Qe4 12. Qxe4 Nxe4 13. d3 Bxb4+ 14. Bd2
Bxd2+ 15. Kd1 Bxe3 16. Re1 Nxf2+ 17. Ke2 Bb6 18. Nd2 Nxh3 19. Rf1 Nf4+ 20. Kf3
O-O-O 21. Nc4 Nd4+ 22. Ke4 f6 23. c3 Nc6 24. Rab1 Rxd3 25. Rbc1 f5# 0-1

[Event "Let's Play Chess!"]
[Site "http://www.queenalice.com/game.php?id=874185"]
[Date "2010.12.20"]
[Round "-"]
[White "ykiraz"]
[Black "kre"]
[Result "0-1"]
[WhiteElo "1372"]
[BlackElo "1514"]

1. b4 d6 2. Nc3 Nf6 3. b5 e5 4. e4 c6 5. Rb1 c5 6. Na4 Nxe4 7. b6 Bd7 8. c3 axb6
9. Nxb6 Rxa2 10. Qb3 Be6 11. c4 Ra6 12. Qb5+ Bd7 13. Nxd7 Qxd7 14. Qb3 Be7 15.
d3 Nf6 16. Nh3 Ng4 17. f3 Nf6 18. Be3 O-O 19. Bg5 h6 20. Be3 Bd8 21. Bd2 Qe6 22.
Qxb7 Nfd7 23. Qe4 f5 24. Nf4 Qf6 25. Qd5+ Rf7 26. Nh5 Qh4+ 27. Ng3 f4 28. Qe4
Nf6 29. Qe2 fxg3 30. h3 Nh5 31. Kd1 Nf4 32. Qe4 Nd7 33. Bc1 Nf6 34. Qe3 Ne6 35.
Rb8 Kh7 36. Bb2 Bc7 37. Rb5 Nd4 38. Bxd4 Qxd4 39. Ke2 Ra2+ 0-1

[Event "Let's Play Chess!"]
[Site "http://www.queenalice.com/game.php?id=875249"]
[Date "2010.12.22"]
[Round "-"]
[White "charles31"]
[Black "ykiraz"]
[Result "1-0"]
[WhiteElo "1672"]
[BlackElo "1358"]

1. c4 e5 2. e4 Nf6 3. d3 Nc6 4. Nf3 h6 5. a3 g5 6. h3 Qe7 7. Nc3 b6 8. Nb5 Kd8
9. Be3 a6 10. Nc3 Na5 11. b4 g4 12. hxg4 Nxg4 13. bxa5 bxa5 14. Be2 c5 15. Qa4
Bb7 16. Qxa5+ Kc8 17. Na4 h5 18. Bg5 f6 19. Be3 Qd8 20. Qxd8+ Kxd8 21. Bxc5 Bc6
22. Bxf8 Bxa4 23. Bd6 Kc8 24. Nh4 Rg8 25. Nf5 Rg5 26. f3 Nh6 27. Nxh6 Rxg2 28.
Rxh5 Rg1+ 29. Bf1 Kb7 30. Rb1+ Kc6 31. c5 Rg3 32. Rb6# 1-0

[Event "Let's Play Chess!"]
[Site "http://www.queenalice.com/game.php?id=878719"]
[Date "2010.12.29"]
[Round "-"]
[White "Clausimausi"]
[Black "ykiraz"]
[Result "1-0"]
[WhiteElo "1583"]
[BlackElo "1365"]

1. e4 a5 2. Nf3 b6 3. Bc4 e6 4. Nc3 Bb4 5. a3 Bxc3 6. dxc3 Nf6 7. O-O Nxe4 8.
Re1 d5 9. Bd3 Nc5 10. Bf5 f6 11. Nd4 Kf7 12. Bh3 e5 13. Nf5 g6 14. Nh6+ Kf8 15.
Bxc8 Qxc8 16. Qxd5 c6 17. Qf7# 1-0

[Event "Let's Play Chess!"]
[Site "http://www.queenalice.com/game.php?id=879730"]
[Date "2011.1.1"]
[Round "-"]
[White "wvulcanis"]
[Black "ykiraz"]
[Result "1-0"]
[WhiteElo "1696"]
[BlackElo "1329"]

1. d4 f5 2. c4 d5 3. e3 Nc6 4. Nc3 Nf6 5. Be2 b6 6. a3 Ng4 7. h3 Nf6 8. Nf3 g6
9. cxd5 Na5 10. O-O a6 11. Ne5 Rb8 12. b4 Nb7 13. g4 fxg4 14. hxg4 Bh6 15. Kh1
g5 16. Nc6 Qd7 17. Nxb8 Qd6 18. Bf3 Nd8 19. Ne4 Nxe4 20. Bxe4 c5 21. Nxa6 Bxa6
22. Rg1 Bc4 23. bxc5 bxc5 24. Qa4+ Kf7 25. Qxc4 Nb7 26. a4 Na5 27. Qxc5 Qa6 28.
Bc2 Nb7 29. Qb5 Qa7 30. Qd7 Rd8 31. Qe6+ Kg7 32. Qxe7+ Kg8 33. Qxh7+ Kf8 34.
Qxh6+ 1-0

[Event "Let's Play Chess!"]
[Site "http://www.queenalice.com/game.php?id=879796"]
[Date "2011.1.1"]
[Round "-"]
[White "plot24"]
[Black "ykiraz"]
[Result "1-0"]
[WhiteElo "1853"]
[BlackElo "1331"]

1. d4 a6 2. Nf3 e6 3. a3 Nf6 4. c4 Nc6 5. Nc3 g6 6. e4 Bg7 7. Bg5 Ke7 8. e5 h6
9. exf6+ Bxf6 10. Bxf6+ Kxf6 11. Bd3 Kg7 12. Qc2 Qe7 13. O-O-O Qf6 14. h4 Qf4+
15. Kb1 Nxd4 16. Nxd4 Qxd4 17. Bxg6 Qxc4 18. Bd3 Qg4 19. Ne4 Qxg2 20. Rhg1 Qg6
21. Rxg6+ Kxg6 22. Qxc7 a5 23. Qg3+ Kf5 24. Nd6+ Kf6 25. Bb5 Ke7 26. Qg7 Rf8 27.
Nxc8+ Raxc8 28. Rxd7+ 1-0

[Event "Let's Play Chess!"]
[Site "http://www.queenalice.com/game.php?id=883170"]
[Date "2011.1.8"]
[Round "-"]
[White "ykiraz"]
[Black "krambo1"]
[Result "0-1"]
[WhiteElo "1367"]
[BlackElo "1952"]

1. Nf3 d5 2. c3 Nf6 3. Ne5 Bf5 4. Qa4+ Nbd7 5. e3 e6 6. Bb5 c6 7. Bxc6 bxc6 8.
Nxc6 Qb6 9. b3 Bd6 10. Nd4 Bd3 11. Na3 O-O 12. Nc6 Nc5 13. Nc4 dxc4 14. Qb4 Qxc6
15. bxc4 Rfb8 16. Qa3 Qxg2 17. f3 Qxh1+ 0-1

[Event "Let's Play Chess!"]
[Site "http://www.queenalice.com/game.php?id=883637"]
[Date "2011.1.11"]
[Round "-"]
[White "ykiraz"]
[Black "magalhaes_br"]
[Result "0-1"]
[WhiteElo "1349"]
[BlackElo "1290"]

1. d4 d5 2. Nc3 Nf6 3. g3 Nc6 4. e3 Bg4 5. Be2 Qd7 6. f3 Be6 7. b4 Nxb4 8. Bb5
c6 9. a3 cxb5 10. axb4 Bf5 11. Nge2 b6 12. Nf4 Qd6 13. Rb1 a5 14. Nxb5 Qc6 15.
Qe2 Bxc2 16. Rb2 Ba4 17. Nc3 axb4 18. Rxb4 Qxc3+ 19. Bd2 Qc6 20. Nd3 e6 21. Bc1
Qc3+ 22. Kf2 Bxb4 23. Bb2 Qb3 24. g4 Rc8 25. Nc1 Qc4 26. g5 Nh5 27. Kg2 g6 28.
Nd3 Bd6 29. Bc1 Qc2 30. Qd2 Qc6 0-1

[Event "PHD"]
[Site "http://www.queenalice.com/game.php?id=886052"]
[Date "2011.1.14"]
[Round "-"]
[White "perucona"]
[Black "ykiraz"]
[Result "1-0"]
[WhiteElo "1344"]
[BlackElo "1319"]

1. e4 Nc6 2. Nf3 e6 3. Nc3 Bc5 4. d4 Bb4 5. d5 exd5 6. exd5 Na5 7. a3 Bc5 8. Be3
Qe7 9. b4 Bxe3 10. fxe3 Qxe3+ 11. Ne2 Nc4 12. a4 1-0

[Event "Let's Play Chess!"]
[Site "http://www.queenalice.com/game.php?id=889051"]
[Date "2011.1.22"]
[Round "-"]
[White "kisses"]
[Black "ykiraz"]
[Result "1-0"]
[WhiteElo "1439"]
[BlackElo "1362"]

1. e4 Nf6 2. e5 Nd5 3. d4 f5 4. Bd2 e6 5. Qh5+ g6 6. Qh3 Nc6 7. Nf3 h6 8. Ng5
Nxd4 9. Bd3 f4 10. Bxg6+ Ke7 11. Kd1 Bg7 12. Nf7 Qe8 13. Qh4+ Bf6 14. exf6+ Nxf6
15. Nxh8 Qxh8 16. Bxf4 Kf8 17. Bxh6+ Ke7 18. Nc3 b5 19. Re1 c5 20. Ne4 Bb7 21.
Nxc5 Bxg2 22. Be4 Bf3+ 23. Kd2 d6 24. Bxa8 dxc5 25. Be4 a6 26. Bd3 c4 27. Bf1
Nf5 28. Qh3 Ne4+ 29. Rxe4 Bxe4 30. Bg5+ Qf6 31. Bxf6+ 1-0

[Event "Let's Play Chess!"]
[Site "http://www.queenalice.com/game.php?id=889407"]
[Date "2011.1.22"]
[Round "-"]
[White "ykiraz"]
[Black "deepink"]
[Result "0-1"]
[WhiteElo "1367"]
[BlackElo "1332"]

1. b4 e5 2. Bb2 d6 3. e3 Bd7 4. Nc3 Nf6 5. Bc4 Be7 6. Qf3 O-O 7. b5 c6 8. a4 Qc7
9. bxc6 Bxc6 10. e4 Nbd7 11. Nh3 Bxe4 12. Nxe4 Qxc4 0-1

[Event "Some paths lay in the death!"]
[Site "http://www.queenalice.com/game.php?id=900425"]
[Date "2011.2.14"]
[Round "-"]
[White "ykiraz"]
[Black "Lionthrone"]
[Result "0-1"]
[WhiteElo "1327"]
[BlackElo "1914"]

1. d4 d5 2. Nc3 e6 3. Qd3 Nf6 4. g3 c5 5. dxc5 Bxc5 6. Qb5+ Nbd7 7. Bg5 O-O 8.
Qd3 a6 9. Na4 Qa5+ 10. Nc3 d4 0-1